Statistiche per Prime due lettere di ogni Paese in 90 secondi

Clicka qui per fare il quiz!

Statistiche generali

  • Questo quiz è stato fatto 27.193 volte
    (20.653 dall'ultimo reset)
  • Il punteggio medio è 94 su 196

Risposte nella Mappa

Le risposte nella mappa del quiz sottostante sono codificate secondo una scala di colori dal rosso al verde in base alla % di persone che hanno risposto correttamente.
Caricamento ...
 

Statistiche sulle risposte

Paese% Corretto
Italia
93%
Cabo Verde
91%
Canada
91%
Camerun
91%
Cambogia
91%
Città del Vaticano
89%
Cipro
89%
Cina
89%
Cile
89%
Ciad
89%
Russia
87%
Ruanda
87%
Francia
84%
Stati Uniti
83%
Stati Federati di
Micronesia
83%
Argentina
79%
Polonia
79%
Armenia
79%
Portogallo
79%
Arabia Saudita
79%
Brasile
79%
Brunei
79%
Spagna
78%
Marocco
76%
Messico
76%
Mauritania
76%
Mauritius
76%
Malta
76%
Mali
76%
Maldive
76%
Malawi
76%
Madagascar
76%
Macedonia del Nord
76%
Malesia
76%
India
73%
Indonesia
73%
Austria
73%
Australia
73%
Paesi Bassi
70%
Côte d'Ivoire
70%
Panama
70%
Papua
Nuova Guinea
70%
Paraguay
70%
Germania
70%
Palau
70%
Georgia
70%
Pakistan
70%
Costa Rica
70%
Corea del Sud
70%
Corea del Nord
70%
Comoros
70%
Colombia
70%
Svezia
68%
Svizzera
68%
Iraq
67%
Iran
67%
Irlanda
67%
Repubblica
del Congo
66%
Repubblica
Centrafricana
66%
Regno Unito
66%
Rep Dem
del Congo
66%
Repubblica
Dominicana
66%
Norvegia
65%
Montenegro
63%
Moldavia
63%
Algeria
63%
Monaco
63%
Mongolia
63%
Figi
63%
Mozambico
63%
Finlandia
63%
Albania
63%
Filippine
63%
Libano
62%
Libia
62%
Lituania
62%
Liechtenstein
62%
Liberia
62%
Sudan
60%
Sudafrica
60%
Suriname
60%
Sud Sudan
60%
Turkmenistan
59%
Turchia
59%
Tunisia
59%
Tuvalu
59%
Gibuti
55%
Giordania
55%
Giamaica
55%
Giappone
55%
Israele
54%
Isole Salomone
54%
Isole Marshall
54%
Islanda
54%
Danimarca
53%
Bolivia
52%
Botswana
52%
Bosnia ed
Erzegovina
52%
Perù
49%
Egitto
47%
Benin
45%
Belgio
45%
Belize
45%
Kazakistan
44%
Grecia
42%
Grenada
42%
Nigeria
40%
Niger
40%
Ucraina
40%
Nicaragua
40%
Venezuela
38%
Lesotho
38%
Lettonia
38%
Cuba
36%
Uruguay
34%
Bielorussia
34%
Guinea Equatoriale
34%
Guatemala
34%
Guyana
34%
Guinea-Bissau
34%
Guinea
34%
Andorra
33%
Angola
33%
Antigua e Barbuda
33%
Somalia
33%
Swaziland
33%
Barbados
31%
Romania
31%
Bahamas
31%
Bahrain
31%
Bangladesh
31%
Tagikistan
31%
Burkina Faso
31%
Taiwan
31%
Tanzania
31%
Burundi
31%
Bulgaria
31%
Seychelles
30%
Nuova Zelanda
30%
Senegal
30%
Serbia
30%
São Tomé
e Príncipe
29%
Samoa
29%
Saint Vincent e
Grenadine
29%
San Marino
29%
Santa Lucia
29%
Afghanistan
29%
Saint Kitts e Nevis
29%
Estonia
28%
Ecuador
27%
Nauru
26%
Namibia
26%
Sierra Leone
26%
Singapore
26%
Siria
26%
Etiopia
26%
Laos
25%
Nepal
22%
Oman
21%
Kiribati
21%
Yemen
21%
Vietnam
21%
Uzbekistan
21%
Kirghizistan
21%
Slovenia
20%
Ungheria
20%
Slovacchia
20%
Cechia
19%
Eritrea
19%
Gabon
18%
Gambia
18%
Honduras
18%
Haiti
17%
Lussemburgo
17%
Togo
16%
Tonga
16%
Kenya
16%
Thailandia
15%
Croazia
15%
El Salvador
14%
Vanuatu
14%
Zambia
13%
Emirati Arabi Uniti
13%
Azerbaijan
13%
Kosovo
13%
Sri Lanka
12%
Dominica
12%
Timor-Leste
12%
Ghana
12%
Zimbabwe
12%
Qatar
10%
Myanmar
10%
Uganda
9%
Kuwait
9%
Bhutan
8%
Trinidad e Tobago
7%

Distribuzione punteggi

Percentile per numero di risposta

Percentuale di utenti per punteggio

I tuoi punteggi nel tempo

Non hai fatto questo quiz dall'ultimo reset